| 000 | 00469cam a2200193ua 4500 | ||
|---|---|---|---|
| 001 | 6740 | ||
| 005 | 20260515114110.0 | ||
| 008 | 140212n ii |||gr||||Z||||||eng | ||
| 040 | _cMAIN | ||
| 082 | _a657.45 | ||
| 245 |
_aAuditing _cBy Dhruba duttachowdhury |
||
| 250 | _a1st. | ||
| 260 |
_aCalcutta: _bNew central book agency, _c1990. |
||
| 300 | _ax,410p. | ||
| 653 | _aAccounting | ||
| 653 | _aAuditing | ||
| 700 |
_aDuttachowdhury,Dhruba, _eAuthor., |
||
| 942 | _cBK | ||
| 999 |
_c5883 _d5883 |
||